[Event "2nd Silman TNM: u1600"]
[Site "San Francisco"]
[Date "2025.06.10"]
[Round "6.30"]
[White "Cao, Danny Du Uy"]
[Black "Brickhouse, Christian"]
[Result "1-0"]
[Annotator "Cao,Danny Du Uy/Analyze This"]
[WhiteElo "1167"]
[BlackElo "1267"]
[PlyCount "119"]
[GameId "2187700216698944"]
[EventDate "2025.??.??"]

1. d4 d5 2. Nf3 Nf6 3. c4 c6 4. Qc2 e6 5. Bg5 Be7 6. e3 Nbd7 7. Nc3 dxc4 (7... O-O) 8. Bxc4 b5 9. Bd3 (9. Be2) 9... h6 10. Bxf6 (10. Bh4) (10. Bf4) 10... Bxf6 {white 1 hr 25 min... black 1 hr 4;min} 11. O-O O-O 12. Ne4 Bb7 13. Nxf6+ Qxf6 14. Be4 Rab8 15. Rac1 (15. Bxc6 Rfc8) 15... Rfc8 16. Rfd1 a6 17. b4 e5 18. dxe5 Nxe5 19. Nxe5 Qxe5 20. Bf5 Rd8 {white 57 min.... black 40 min} 21. Rd7 (21. a3) 21... Rxd7 22. Bxd7 Qe7 23. Rd1 Qxb4 24. Bf5 c5 25. Qd3 Qa5 26. Qd6 Rf8 (26... Ra8 27. Qxc5) 27. Bh7+ Kxh7 28. Qxf8 Qa4 (28... Qxa2 29. Qxc5) 29. Qd6 Qe4 30. Qd3 (30. Qg3 Qc2) 30... a5 {white 34 min... black 20 min} (30... Qxd3 31. Rxd3 Be4) 31. f3 (31. Qxe4+ Bxe4 32. f3) 31... Qxd3 32. Rxd3 Bc6 33. Rd6 Be8 34. Kf2 (34. Rd8 Bc6) 34... c4 35. Ke2 b4 36. Kd2 f6 37. e4 a4 38. Kc2 Bf7 39. Rb6 b3+ 40. axb3 axb3+ {white 19 min... black 15 min} 41. Kc3 (41. Kb2) 41... Kg6 42. Rb5 Kh7 43. Rc5 g6 44. f4 (44. e5 fxe5 45. Rxe5) 44... g5 45. f5 h5 {white 9 min... black 13 min} 46. e5 fxe5 47. Rxe5 Kg7 48. h3 Kf6 49. Rc5 g4 50. h4 (50. hxg4 hxg4) 50... Ke7 51. Rc6 Bd5 52. Rh6 Bxg2 53. Rxh5 Kf6 54. Rg5 Bf3 55. Rg8 Kxf5 {white under 1 min... black 5 min} 56. h5 Kf6 57. h6 Be4 58. Rxg4 Bd3 59. Rh4 Kg6 (59... Bh7 60. Rxc4 Bg8 61. Rh4 Bh7 62. Kxb3) 60. h7 1-0

[Event "2nd Silman TNM: u1600"]
[Site "San Francisco"]
[Date "2025.06.10"]
[Round "6.34"]
[White "Blum, Paul"]
[Black "Ramos, Jo L Thomas"]
[Result "0-1"]
[Annotator "Winslow,Elliott"]
[WhiteElo "1009"]
[BlackElo "821"]
[PlyCount "111"]
[GameId "2187700216698947"]
[EventDate "2025.??.??"]

1. d4 d5 2. Bf4 Nf6 3. e3 Bg4 4. Nf3 e6 5. Be2 Bd6 6. Bxd6 Bxf3 7. Bxf3 Qxd6 8. Nc3 Qb4 9. Qb1 Ne4 10. Bxe4 dxe4 11. O-O f5 12. a3 Qb6 13. Qa2 Nd7 14. Rad1 O-O-O 15. Rd2 g5 16. d5 Nf6 17. Rfd1 Rd6 18. dxe6 Rxe6 19. Na4 Qc6 20. Qb3 h5 21. Nc3 h4 22. Nd5 Ree8 23. Qc3 Qxc3 24. bxc3 Nxd5 25. Rxd5 Ref8 26. Re5 g4 27. Rdd5 Rh5 28. Rxe4 h3 29. g3 Rd8 30. Rxd8+ Kxd8 31. Re5 Kd7 32. e4 Kd6 33. Rxf5 Rxf5 34. exf5 Ke5 35. f6 Kxf6 36. Kf1 Ke5 37. Ke2 Ke4 38. a4 a6 39. c4 c5 40. c3 a5 41. Kd2 Kf3 42. Ke1 Kg2 43. f4 Kxh2 44. Kf2 {[#]} b5 45. axb5 a4 46. b6 a3 47. b7 a2 48. b8=Q a1=Q 49. Qe5 Qg1+ 50. Ke2 Qg2+ 51. Kd1 Qf3+ 52. Qe2+ Kg1 53. Qxf3 gxf3 54. Ke1 h2 55. f5 h1=Q 56. f6 0-1

[Event "2nd Silman TNM: Extra Rated"]
[Site "San Francisco"]
[Date "2025.06.10"]
[Round "6.35"]
[White "Chen, Bowie"]
[Black "Agdamag, Samuel"]
[Result "1-0"]
[WhiteElo "1279"]
[BlackElo "1512"]
[PlyCount "75"]
[GameId "2187700216698948"]
[EventDate "2025.??.??"]

1. f4 b6 2. e4 Bb7 3. Nc3 e6 4. d4 c5 5. Nf3 cxd4 6. Nxd4 Qh4+ 7. g3 Qd8 8. Be3 Bb4 9. Ndb5 Bxc3+ 10. Nxc3 Nf6 11. Bd3 Nc6 12. Qd2 Nb4 13. O-O-O Ng4 14. Nb5 Nxd3+ 15. Qxd3 O-O 16. h3 Nxe3 17. Qxe3 d5 18. Rhg1 Qd7 19. Nc3 Rfd8 20. Ne2 Qa4 21. Nc3 Qa5 22. e5 Rac8 23. Kb1 Ba6 24. Rd4 Bc4 25. g4 b5 26. a3 b4 27. axb4 Qxb4 28. b3 Qb7 29. Na2 Rb8 30. Rg3 a5 31. Kc1 Ba6 32. f5 Qb5 33. Nc3 Qc6 34. f6 Rdc8 35. Qg5 Kf8 36. Qxg7+ Ke8 37. Qg8+ Kd7 38. Qxf7+ 1-0

[Event "2nd Silman TNM: 2000+"]
[Site "San Francisco"]
[Date "2025.06.17"]
[Round "7.1"]
[White "Heimann, Mark"]
[Black "Bayaraa, Chinguun"]
[Result "1-0"]
[Annotator "TA/Winslow,Elliott"]
[WhiteElo "2597"]
[BlackElo "2176"]
[WhiteFideId "-1"]
[WhiteFideId "-1"]
[PlyCount "103"]
[GameId "2190369999670395"]
[EventDate "2025.??.??"]

{[%evp 10,103,33,33,80,-10,33,32,45,45,42,-13,146,147,159,131,128,132,138,133,153,134,139,127,160,151,157,159,155,150,159,164,216,210,201,107,205,186,203,200,202,71,217,211,214,217,209,216,212,195,194,193,191,194,190,185,192,178,178,175,180,122,136,133,161,134,218,208,239,240,357,355,394,388,383,380,379,341,355,196,502,489,547,421,779,849,29966,29967,29966,29972,29971,29970,29977,29978,29978,29979]} 1. c4 {[%emt 0:00:02]} Nf6 {[%emt 0:00:27]} 2. g3 {[%emt 0:00:27]} c6 {[%emt 0:00:08]} 3. Nf3 {[%emt 0:00:22]} g6 {[%emt 0:00:41]} 4. b3 {[%emt 0:00:33]} Bg7 {[%emt 0:00:07]} 5. Bb2 {[%emt 0:00:06]} d5 {[%emt 0:00:18]} 6. Bg2 {[%emt 0:00:36] [#]} b5 $6 {[%emt 0:00:35] (EW: Rather drastic! And already doubling White's first-move advantage, if you believe in Stockfish numbers. But...} (6... O-O $14) 7. d3 $6 {[%emt 0:01:38] White refuses to play ball -- at a cost! This reminds me of seeing the Alekhine Defense, 1.e4 Nf6, answered with 2.d3?! (for that matter, anything but 2.e5). So points to Chinguun for pscyhology!} ({Was Chinguun going to sac a pawn after} 7. cxb5 $16 O-O $5 {, as "given" by the "Tactical Analysis" run I've been toying with on ChessBase?} 8. Nc3) ({Of course Black can just take back, and after} 7. cxd5 $1 {he'd be more advised to, since it's a center pawn we're talking about here.}) 7... O-O {[%emt 0:05:41]} ({Having said the above, interesting to see that} 7... dxc4 $5 $11 {" deserves consideration" (TA). Stockfish Unchained (i.e., not under whatever strange conditions the TA submits the analysis to) actually tries to pawn off a tiny Black advantage if White recaptures} 8. bxc4 bxc4) ({But White can also play the Catalan-like gambit style with} 7... dxc4 8. a4 $5 {with who-knows-what happening on the long diagonal if White gets axb5 in.}) 8. O-O {[%emt 0:00:36]} Nbd7 $14 {[%emt 0:01:22]} 9. cxb5 {[%emt 0:04:44]} cxb5 {[%emt 0:00:15]} 10. e4 $146 {[%emt 0:00:16]} (10. Na3 a6 11. Nc2 Bb7 12. Ne5 Nxe5 13. Bxe5 Qd7 14. Qd2 Rfd8 15. Nd4 Bf8 16. Rac1 {0-1 (65) Kokoszczynski,J (2250)-Lerch,J (2274) Chess.com INT 2024}) (10. Nbd2 $14) 10... Nb6 $2 {[%emt 0:04:59] [#]} ({Better is} 10... dxe4 11. dxe4 Bb7 $11 {/}) 11. e5 $16 {[%emt 0:02:03]} Ne8 {[%emt 0:00:17][%cal Bf6e8,Be8c7,Bc7e6,Be6d4][%mdl 32]} 12. h3 {[%emt 0:00:26]} (12. Na3 $1) 12... Bb7 {[%emt 0:04:03]} 13. Nc3 {[%emt 0:03:36]} Nc7 {[%emt 0:02:31]} 14. Ne2 {[%emt 0:01:13]} Ne6 {[%emt 0:02:37][%cal Od5d4]} 15. Ned4 {[%emt 0:03:08]} Nxd4 {[%emt 0:00:21]} 16. Bxd4 {[%emt 0:00:06]} Rc8 {[%emt 0:00:31]} 17. Qd2 {[%emt 0:00:58]} Nd7 {[%emt 0:06:38]} 18. Qe3 {[%emt 0:05:24][%cal Oe5e6] White is more active.} (18. Bxa7 $6 d4 $14) 18... e6 {[%emt 0:04:44]} 19. Bxa7 {[%emt 0:00:25]} Qa5 {[%emt 0:01:24][%cal Od7e5]} 20. Bd4 {[%emt 0:00:50]} Rc2 {[%emt 0:01:21]} (20... b4 21. Qd2 Rfd8) 21. a3 $18 {[%emt 0:00:36][%cal Ba2a3,Ba3a4][%mdl 32]} b4 {[%emt 0:02:19]} 22. Rfc1 {[%emt 0:11:29]} (22. Qe1 $18) 22... Rfc8 {[%emt 0:02:36]} (22... Rxc1+ $16 23. Qxc1 bxa3) 23. a4 {[%emt 0:07:06]} Qc7 {[%emt 0:07:00]} 24. Bb2 {[%emt 0:03:06]} (24. Rxc2 $6 Qxc2 25. Ne1 Qc7 $16 (25... Qxb3 26. Bf3 $16)) 24... Ba6 {[%emt 0:03:41]} 25. Bf1 {[%emt 0:03:20]} (25. Ne1 $18 {is more deadly.} Rxc1 26. Rxc1) 25... Qb8 {[%emt 0:04:45]} (25... d4 $16 {might work better.} 26. Nxd4 (26. Bxd4 $2 Rxc1 27. Rxc1 Qxc1 $19) 26... Rxc1 27. Rxc1 Qxe5) 26. Rxc2 {[%emt 0:02:46]} Rxc2 {[%emt 0:00:06]} 27. Rb1 {[%emt 0:00:34]} (27. Bd4 $6 Qc7 28. Ne1 Rc6 $16) 27... Qb7 {[%emt 0:05:59]} 28. Ne1 {[%emt 0:02:52]} Rc8 {[%emt 0:00:35]} 29. Bg2 {[%emt 0:07:20]} Nb8 {[%emt 0:02:24]} 30. d4 {[%emt 0:03:04]} Nc6 {[%emt 0:00:15]} 31. Rc1 {[%emt 0:02:21]} Na5 {[%emt 0:00:08]} 32. Rxc8+ {[%emt 0:00:49]} Qxc8 {[%emt 0:00:06]} 33. Bf3 {[%emt 0:00:15][%cal Bg2f3,Bf3d1,Bd1c2,Bc2d3][%mdl 32]} Bf8 {[%emt 0:01:34]} 34. Bd1 {[%emt 0:00:11]} Be7 {[%emt 0:00:54]} 35. f4 {[%emt 0:00:46]} (35. h4 $18) 35... Bd8 {[%emt 0:04:25]} 36. Qd2 {[%emt 0:01:40]} Nc6 {[%emt 0:00:30]} 37. Nf3 {[%emt 0:02:26]} Bb6 {[%emt 0:00:24]} (37... h5 $16 38. g4 hxg4) 38. g4 {[%emt 0:00:38][%cal Bg3g4,Bg4f5,Bf5f6][%mdl 32]} Qd7 {[%emt 0:03:39]} 39. Bc2 {[%emt 0:00:29]} Qa7 {[%emt 0:00:57]} (39... Bd8 $142 40. h4 f6 41. exf6 Bxf6) 40. f5 {[%emt 0:00:31]} Qc7 {[%emt 0:02:41]} 41. Kg2 {[%emt 0:01:47]} exf5 {[%emt 0:00:10]} 42. gxf5 {[%emt 0:00:07]} Bc8 {[%emt 0:00:20]} 43. Bd3 {[%emt 0:00:50]} Qd8 {[%emt 0:03:20]} 44. h4 {[%emt 0:04:23]} (44. Qh6 Qf8 45. Qg5 Bd7 $18) (44. f6 $142) 44... Ne7 $2 {[%emt 0:02:37]} (44... Bxf5 {is tougher.} 45. Bxf5 gxf5) 45. f6 {[%emt 0:01:36]} ({Not} 45. Qxb4 Nxf5 46. Bxf5 Bxf5 $16) 45... Nc6 {[%emt 0:00:11]} 46. h5 {[%emt 0:00:38]} Bg4 {[%emt 0:01:56]} (46... Nxe5 $142 47. Nxe5 (47. dxe5 Qd7 $18) 47... Qxf6 48. Qxb4 Qg5+ 49. Kf2 Qxe5 50. Qxb6 Qf4+ (50... Qh2+ $2 51. Ke3 $18) 51. Ke1 Kg7) 47. hxg6 {[%emt 0:00:27]} Bxf3+ {[%emt 0:00:23]} 48. Kxf3 {[%emt 0:00:05] White mates.} hxg6 {[%emt 0:00:20] [#]} 49. Bxg6 $1 {[%emt 0:12:48]} fxg6 {[%emt 0:00:12]} 50. Qh6 {[%emt 0:00:03][%csl Gf6][%cal Rh6g7]} Kf7 {[%emt 0:04:44]} 51. Qg7+ {[%emt 0:00:50]} Ke6 {[%emt 0:00:05]} 52. f7 {[%emt 0:00:11] Superbly played by Heimann!   Weighted Error Value: White=0.22 (precise) /Black=0.60} 1-0

[Event "2nd Silman TNM: 2000+"]
[Site "San Francisco"]
[Date "2025.06.17"]
[Round "7.2"]
[White "Suarez, Sebastian"]
[Black "Smith, Olivia"]
[Result "1-0"]
[Annotator "TA"]
[WhiteElo "2200"]
[BlackElo "2137"]
[WhiteFideId "-1"]
[WhiteFideId "-1"]
[PlyCount "137"]
[GameId "2190369999719548"]
[EventDate "2025.??.??"]

{[%evp 12,137,51,60,61,13,15,-36,19,21,98,62,148,138,150,151,217,212,237,239,236,237,289,280,386,383,377,353,389,385,372,288,291,248,255,232,241,242,248,223,246,220,281,267,287,293,295,296,335,187,311,305,321,303,414,361,451,380,554,533,797,783,740,454,616,409,457,418,557,530,480,474,597,392,533,381,559,271,256,243,235,37,34,7,12,26,27,2,8,6,14,11,41,47,49,62,-186,330,329,322,431,381,579,572,676,660,802,786,1022,1001,1067,1083,974,906,883,781,938,825,1026,960,1045,1001,1163,1032,29974,29977,29974,1339]} 1. e4 {[%emt 0:00:03]} e5 {[%emt 0:00:06]} 2. Nf3 {[%emt 0:00:15]} Nc6 {[%emt 0:00:08]} 3. Bb5 {[%emt 0:00:18]} a6 {[%emt 0:00:08]} 4. Ba4 {[%emt 0:00:05]} Nf6 {[%emt 0:00:07]} 5. O-O {[%emt 0:01:38]} d6 {[%emt 0:00:27]} 6. Re1 {[%emt 0:03:18]} Bd7 {[%emt 0:00:13] now scores much better than the old 6...Be7.} 7. c3 {[%emt 0:02:37]} g6 {[%emt 0:00:36][%cal Bg7g6,Bg6g5][%mdl 32] C66: Ruy Lopez: Steinitz Defence.} 8. h3 {[%emt 0:11:13]} (8. d4 $14) 8... g5 $1 $11 {[%emt 0:00:40]} 9. Nh2 $146 {[%emt 0:06:59]} (9. Nxg5 $11 Rg8 10. d4) (9. d4 g4 10. hxg4 Nxg4 11. Nbd2 h5 12. Nf1 h4 13. Ng5 Rg8 14. d5 Rxg5 15. dxc6 bxc6 16. Bxg5 Qxg5 {½-½ (25) Agrest,I (2227)-Faerber,D (2398) Karlsruhe 2025}) 9... h5 {[%emt 0:09:14]} (9... g4 $1 $15) 10. d4 {[%emt 0:06:11]} Rg8 {[%emt 0:02:48]} (10... g4 $11) 11. Nf1 {[%emt 0:04:04]} ({Better is} 11. Nd2 $16) 11... h4 {[%emt 0:02:37]} (11... Ne7 $1 $14) 12. d5 $36 {[%emt 0:04:52][%mdl 2048] White is on the roll.} Ne7 {[%emt 0:09:31][%cal Bc6e7,Be7g6,Bg6f4][%mdl 32] [#] And now ...b5 would win.} 13. Bxd7+ {[%emt 0:02:49]} Nxd7 {[%emt 0:03:05]} (13... Qxd7 $16 14. f3 Nh5) 14. Ne3 $18 {[%emt 0:05:11]} Ng6 {[%emt 0:03:04]} 15. Nd2 {[%emt 0:12:13][%cal Bb1d2,Bd2f1,Bf1h2,Bh2g4][%mdl 32]} Nf4 {[%emt 0:00:49]} 16. Ndf1 {[%emt 0:03:28]} Qf6 {[%emt 0:14:43]} 17. Nh2 {[%emt 0:04:12]} O-O-O {[%emt 0:02:05]} 18. Nhg4 {[%emt 0:04:01]} Qg6 {[%emt 0:00:19]} 19. Nf5 {[%emt 0:01:16]} Nf6 {[%emt 0:07:24]} 20. Nxf6 {[%emt 0:02:31]} Qxf6 {[%emt 0:00:05]} 21. Qg4 {[%emt 0:04:30]} Kb8 {[%emt 0:00:05]} 22. Bxf4 {[%emt 0:03:17]} exf4 {[%emt 0:00:36]} 23. Nxh4 {[%emt 0:01:55]} Bg7 {[%emt 0:01:54][%cal Bf8g7,Bg7h8,Bh8e5][%mdl 32]} 24. Nf5 {[%emt 0:00:52]} Bh8 {[%emt 0:01:14]} 25. Re2 {[%emt 0:00:49]} Rde8 {[%emt 0:00:28]} 26. c4 {[%emt 0:01:23][%cal Bc3c4,Bc4c5][%mdl 32]} Qg6 {[%emt 0:02:10]} 27. Rc1 {[%emt 0:02:06]} Be5 {[%emt 0:02:46]} 28. b4 (28. c5 $6 dxc5 29. Rxc5 Qb6 $16) 28... Qf6 {[%emt 0:01:07]} 29. c5 {[%emt 0:03:32]} Qh8 {[%emt 0:08:04]} 30. f3 {[%emt 0:01:07]} (30. Rec2 $142) 30... Rg6 {[%emt 0:04:48]} (30... Qh7 $142 31. a4 dxc5) 31. Kh2 {[%emt 0:00:34]} Qf6 {[%emt 0:01:45]} 32. Rec2 {[%emt 0:00:12]} Qd8 {[%emt 0:04:37]} 33. a4 {[%emt 0:00:24][%cal Ba2a4,Ba4a5][%mdl 32]} Rh8 {[%emt 0:00:43]} 34. a5 {[%emt 0:00:53]} Qf6 {[%emt 0:07:55]} (34... dxc5 35. bxc5 Qe8) 35. c6 {[%emt 0:00:16]} Rc8 {[%emt 0:01:47]} 36. cxb7 {[%emt 0:02:13]} Kxb7 {[%emt 0:00:06]} 37. Rc6 {[%emt 0:00:17][%cal Of5e7] [#]} Qd8 {[%emt 0:02:00]} 38. Rb1 {[%emt 0:01:50]} Rb8 {[%emt 0:02:04]} 39. Rbc1 {[%emt 0:01:13]} Rg8 {[%emt 0:05:07]} 40. Nh6 {[%emt 0:01:23]} Rg7 {[%emt 0:01:48] Black is weak on the light squares} 41. b5 {[%emt 0:01:32][%cal Bb4b5,Bb5a6][%mdl 32]} (41. Rxc7+ Qxc7 42. Rxc7+ Kxc7 $18) 41... f6 {[%emt 0:00:44]} 42. bxa6+ {[%emt 0:01:24]} Ka7 {[%emt 0:00:17]} 43. Qf5 {[%emt 0:01:02]} Rb5 {[%emt 0:01:26]} (43... Ka8 44. a7 Kxa7) 44. Ng4 {[%emt 0:00:21]} (44. Qe6 $142) 44... Rxa5 {[%emt 0:00:49]} 45. Nf2 {[%emt 0:00:21]} Rxa6 {[%emt 0:00:43]} 46. Rxa6+ $2 {[%emt 0:00:25]} (46. Nd3 $18) 46... Kxa6 $14 {[%emt 0:00:04]} 47. Nd3 {[%emt 0:00:20]} Qd7 {[%emt 0:00:26]} (47... Kb5 {keeps more tension.} 48. Qg4 Qe8 49. Rc2 Ka4) 48. Qxd7 {[%emt 0:00:54]} Rxd7 $11 {[%emt 0:00:07][%mdl 4096] Endgame KRB-KRN} 49. Rb1 {[%emt 0:00:02]} Bc3 {[%emt 0:00:52]} 50. Rb3 {[%emt 0:00:40]} Ba5 {[%emt 0:00:12]} 51. Rb8 {[%emt 0:00:02]} Ka7 {[%emt 0:00:30]} 52. Rf8 {[%emt 0:00:06]} Bc3 {[%emt 0:00:13]} 53. Nf2 {[%emt 0:00:27] Ng4 would now be deadly.} c5 $2 {[%emt 0:01:37]} (53... Rg7 $1 $14) 54. dxc6 $2 {[%emt 0:00:04] Black is on the road to losing.} (54. Rg8 $19) 54... Rc7 $18 {[%emt 0:00:04]} 55. Ng4 {[%emt 0:00:16]} Rxc6 {[%emt 0:00:18]} 56. h4 {[%emt 0:00:57]} (56. Nxf6 Bd4 57. h4 gxh4 $18) 56... Be1 {[%emt 0:00:14]} (56... gxh4 {was necessary.} 57. Nxf6 Be5) 57. h5 {[%emt 0:00:27]} (57. Rxf6 Rc1 58. Kh3 (58. Rxd6 $2 {too greedy.} Bg3+ 59. Kh3 Rh1+ $19 {[%mdl 64] Skewer}) (58. Rf7+ Kb6 $16) 58... Bxh4 $18) 57... Bg3+ {[%emt 0:01:49]} 58. Kh3 {[%emt 0:00:04]} d5 {[%emt 0:00:19]} 59. exd5 {[%emt 0:00:45]} Rc1 {[%emt 0:00:27]} 60. Nxf6 {[%emt 0:00:16]} Rh1+ {[%emt 0:00:30]} 61. Kg4 {[%emt 0:00:02]} Rh2 {[%emt 0:00:12]} 62. Kxg5 {[%emt 0:00:44]} Bh4+ {[%emt 0:00:27]} 63. Kxf4 {[%emt 0:00:37]} Rxg2 {[%emt 0:00:25]} 64. Ng4 {[%emt 0:00:45]} Bg3+ {[%emt 0:00:21]} 65. Kg5 {[%emt 0:01:00]} Rd2 {[%emt 0:00:18]} 66. Rf5 {[%emt 0:00:35]} Kb6 {[%emt 0:00:59]} 67. h6 {[%emt 0:00:10][%cal Bh5h6,Bh6h7][%mdl 32] Intending h7 and mate.} Rd1 {[%emt 0:00:28]} 68. h7 {[%emt 0:00:17]} Rh1 {[%emt 0:00:05]} 69. Nh6 {[%emt 0:00:42] Weighted Error Value: White=0.52/Black=0.72} (69. Kg6 $142 Rxh7 70. Kxh7 Bh4 71. Rf6+ Kc5 72. d6 Kc6 73. Kg6 Bxf6 74. Kxf6 Kxd6 75. f4) 1-0

[Event "2nd Silman TNM: 2000+"]
[Site "San Francisco"]
[Date "2025.06.17"]
[Round "7.3"]
[White "Tsodikova, Natalya"]
[Black "Das, Rohan"]
[Result "1/2-1/2"]
[Annotator "TA"]
[WhiteElo "2246"]
[BlackElo "2099"]
[WhiteFideId "-1"]
[WhiteFideId "-1"]
[PlyCount "131"]
[GameId "2190369999719549"]
[EventDate "2025.??.??"]

{[%evp 15,131,5,19,21,19,0,0,-18,0,-5,16,0,18,27,27,0,1,0,40,15,41,17,80,70,69,71,109,112,109,110,114,8,20,10,12,0,28,7,9,8,19,2,3,4,5,0,0,0,0,-6,-7,-12,0,-13,-11,-25,0,0,0,0,0,0,0,0,0,0,0,0,0,0,0,0,0,0,0,0,0,0,2,0,0,0,0,-18,-34,-272,-261,-262,-249,-249,-245,-244,0,0,0,0,0,0,0,0,0,0,0,0,0,0,0,0,0,0,0,0,0,0,0,0,0,0]} 1. e4 {[%emt 0:00:02]} e5 {[%emt 0:00:05]} 2. Nf3 {[%emt 0:00:12]} Nc6 {[%emt 0:00:04]} 3. Bb5 {[%emt 0:00:19]} a6 {[%emt 0:00:04]} 4. Ba4 {[%emt 0:00:05]} Nf6 {[%emt 0:00:03]} 5. d3 {[%emt 0:00:12]} b5 {[%emt 0:00:10]} 6. Bb3 {[%emt 0:00:09]} Be7 {[%emt 0:00:03]} 7. O-O {[%emt 0:01:21]} d6 {[%emt 0:00:07]} 8. a4 {[%emt 0:01:33]} b4 {[%emt 0:00:04]} 9. a5 {[%emt 0:02:03]} O-O {[%emt 0:01:09]} 10. h3 {[%emt 0:04:35]} Be6 {[%emt 0:04:58]} 11. Nbd2 {[%emt 0:05:30]} Rb8 {[%emt 0:04:29]} 12. Nc4 {[%emt 0:05:05]} h6 {[%emt 0:00:24]} 13. Qe2 {[%emt 0:06:45]} Nh7 $146 {[%emt 0:05:48]} (13... Qc8 14. Bd2 Rd8 15. Rfb1 Bf8 16. c3 bxc3 17. bxc3 d5 18. Ncxe5 Nxe5 19. Nxe5 dxe4 20. Bxe6 Qxe6 {½-½ (57) Garcia Castany Musellas,G (2200)-Delisau Gil,O (2242) Guinardo 2014}) 14. Ba4 {[%emt 0:06:36]} Bxc4 {[%emt 0:01:23]} 15. Bxc6 {[%emt 0:00:31]} (15. dxc4 $5 Nxa5 16. Rd1 $15) 15... Bb5 {[%emt 0:00:04]} 16. Bd5 {[%emt 0:02:28]} Ng5 {[%emt 0:11:14]} (16... Nf6 $11 {was preferable.}) 17. Be3 {[%emt 0:05:20]} c5 {[%emt 0:04:08]} 18. Nd2 {[%emt 0:01:02]} Bd7 {[%emt 0:10:16]} (18... Ne6 $11 {remains equal.}) 19. Nc4 {[%emt 0:03:23]} Ne6 {[%emt 0:11:03]} 20. Nb6 {[%emt 0:02:35] White has more active pieces.} Nf4 {[%emt 0:06:48]} (20... Nc7 $142) 21. Bxf4 $16 {[%emt 0:01:43][%csl Od5] Strong Square White (d5)} exf4 {[%emt 0:00:05] [#]} 22. Nxd7 $1 {[%emt 0:02:14]} Qxd7 {[%emt 0:00:06] [#]} 23. Bc4 {[%emt 0:02:54]} (23. d4 $1 $16) 23... Bf6 $11 {[%emt 0:06:11]} 24. Ra2 {[%emt 0:00:27]} Ra8 {[%emt 0:01:51]} 25. Qd2 {[%emt 0:09:57]} Bg5 {[%emt 0:04:42][%cal Of4f3]} 26. Qe2 {[%emt 0:01:48]} Bf6 {[%emt 0:00:23]} 27. Qf3 {[%emt 0:01:27]} Be5 {[%emt 0:01:00]} 28. Rc1 {[%emt 0:01:16]} Qe7 {[%emt 0:04:43]} 29. c3 {[%emt 0:04:09]} Rfb8 {[%emt 0:04:16]} 30. cxb4 {[%emt 0:06:14]} Rxb4 {[%emt 0:01:14]} 31. b3 {[%emt 0:00:13][%cal Od3d4]} Ra7 {[%emt 0:03:21]} 32. Qg4 {[%emt 0:00:55]} Kh7 {[%emt 0:03:28]} 33. Kh1 {[%emt 0:05:39]} Qg5 {[%emt 0:09:19]} 34. Qf3 {[%emt 0:00:57]} h5 {[%emt 0:00:54]} 35. Rd1 {[%emt 0:04:08]} h4 {[%emt 0:01:04]} 36. Bd5 {[%emt 0:03:44]} Rb8 {[%emt 0:00:43]} 37. Ra4 {[%emt 0:00:39]} g6 {[%emt 0:00:42]} 38. Rb1 {[%emt 0:01:49]} Bc3 {[%emt 0:00:01]} 39. Rc1 {[%emt 0:02:11]} Qf6 {[%emt 0:00:33]} 40. Bc4 {[%emt 0:01:26]} Rb4 {[%emt 0:01:18]} 41. Ra2 {[%emt 0:01:02]} Rb8 {[%emt 0:00:14]} 42. Rxc3 {[%emt 0:01:10][%mdl 64] Deflection} Qxc3 {[%emt 0:00:40]} 43. Qxf4 {[%emt 0:00:06]} Rxb3 {[%emt 0:01:01]} ({Of course not} 43... Qe1+ 44. Kh2 $16) 44. Bxb3 {[%emt 0:01:06]} Qxb3 {[%emt 0:00:01][%mdl 4096] Endgame KQR-KQR} 45. Rd2 {[%emt 0:00:50]} Qb4 {[%emt 0:00:25]} 46. Qxh4+ {[%emt 0:00:57]} Kg7 {[%emt 0:00:01]} 47. Qf4 {[%emt 0:02:21]} Qxa5 {[%emt 0:00:10]} 48. Kh2 {[%emt 0:00:22]} Qc3 {[%emt 0:01:15]} 49. Rd1 {[%emt 0:01:51]} Qd4 {[%emt 0:00:18]} 50. Qe3 $2 {[%emt 0:01:07]} (50. Rb1 $15) 50... Qxe3 $19 {[%emt 0:00:48]} 51. fxe3 {[%emt 0:00:01] KR-KR} a5 {[%emt 0:00:33]} 52. Ra1 {[%emt 0:00:01]} a4 {[%emt 0:00:09] ...a3 is the strong threat.} 53. Ra3 {[%emt 0:00:03]} f5 $2 {[%emt 0:00:53]} (53... Kf6 $19 54. Kg3 Ke6) 54. exf5 $11 {[%emt 0:00:12] The position is equal.} gxf5 {[%emt 0:00:01]} 55. Kg3 {[%emt 0:00:08]} Kf6 {[%emt 0:00:42]} 56. Kf4 {[%emt 0:00:03]} d5 {[%emt 0:01:35]} 57. g4 {[%emt 0:00:42]} fxg4 {[%emt 0:00:02]} 58. hxg4 {[%emt 0:00:05]} c4 {[%emt 0:00:28]} 59. dxc4 {[%emt 0:00:46]} dxc4 {[%emt 0:00:02]} 60. Ke4 {[%emt 0:01:47]} Kg5 {[%emt 0:01:06]} 61. Kd4 {[%emt 0:00:31]} Kxg4 {[%emt 0:00:02]} 62. Kxc4 {[%emt 0:00:08]} Kf3 {[%emt 0:01:07]} 63. Kb4 {[%emt 0:01:41]} Rb7+ {[%emt 0:00:13]} 64. Kxa4 {[%emt 0:00:08]} Ra7+ {[%emt 0:00:02]} 65. Kb4 {[%emt 0:00:02]} Rxa3 {[%emt 0:00:04]} 66. Kxa3 {[%emt 0:00:01] Weighted Error Value: White=0.16 (very precise) /Black=0.12 (very precise)} 1/2-1/2